00515nam a2200121Ia 4500008004100000100001900041245011000060260005600170650001500226856006100241999001900302952007200321160909s9999 xx 000 0 und d aLopez, Dixelia aResilience in the Karen-Refugee Population from Myanmar/Burma Resettled in the U.S.: An Exploratory Study bThe Chicago School of Professional Psychologyc2016 aPSYCHOLOGY uhttp://pqdtopen.proquest.com/doc/1762246704.html?FMT=ABS c304055d304055 001040aCLbCLd2016-09-15l0r2016-09-15 00:00:00w2016-09-15yET